| Поле | Название | Значение |
| |
Тип записи |
a |
| |
Библиографический уровень |
m |
| 001 |
Контрольный номер |
2d47e4e575f94667b340a9f87b7c3af4 |
| 005 |
Дата корректировки |
20150414110902.7 |
| 010 |
Индекс ISBN |
__ |
| a |
ISBN |
978-5-4383-0067-0 |
| 101 |
Язык документа |
0_ |
| a |
Язык текста |
rus |
| 102 |
Страна публикации |
__ |
| a |
Страна публикации |
RU |
| 200 |
Заглавие и сведения об ответственности |
1_ |
| a |
Заглавие |
Экспертиза и классификация товаров в таможенных целях |
| b |
Общее обозначение материала |
Текст |
| e |
Сведения, относящиеся к заглавию |
учеб. пособие |
| f |
Первые сведения об ответственности |
Е.И. Андреева, Г.В. Зенин |
| 210 |
Выходные данные |
1_ |
| a |
Место издания |
Санкт-Петербург |
| c |
Издательство |
Интермедия |
| d |
Дата издания |
2014 |
| 215 |
Физическое описание |
__ |
| a |
Объем |
271 с. |
| 610 |
Ключевые слова |
0_ |
| a |
Ключевые слова |
экспертиза товаров |
| 610 |
Ключевые слова |
0_ |
| a |
Ключевые слова |
таможенная экспертиза |
| 610 |
Ключевые слова |
0_ |
| a |
Ключевые слова |
классификация товаров |
| 610 |
Ключевые слова |
0_ |
| a |
Ключевые слова |
внешнеэкономическая деятельность |
| 610 |
Ключевые слова |
0_ |
| a |
Ключевые слова |
товарная номенклатура |
| 686 |
Индексы других классификаций |
__ |
| a |
Классификационный индекс |
65.9(2)843я73 |
| 686 |
Индексы других классификаций |
__ |
| a |
Классификационный индекс |
65.428я73 |
| 686 |
Индексы других классификаций |
__ |
| a |
Классификационный индекс |
30.609я73 |
| 700 |
Автор |
_1 |
| a |
Фамилия |
Андреева |
| b |
Имя |
Е. И. |
| g |
Полное личное имя |
Елена Ислямовна |
| 701 |
Альтернативная интеллектуальная ответственность |
_1 |
| a |
Фамилия |
Зенин |
| b |
Имя |
Г. В. |
| e |
Роль лиц |
Автор |
| 4 |
Код отношения |
070 |
| g |
Полное личное имя |
Геннадий Васильевич |
| 801 |
Источник записи |
_0 |
| a |
Страна |
RU |
| b |
Организация |
РУК |
| g |
Правила каталогизации |
PSBO |
| c |
Дата составления |
20150414 |
| 801 |
Источник записи |
_1 |
| a |
Страна |
RU |
| b |
Организация |
РУК |
| g |
Правила каталогизации |
PSBO |
| 852 |
Данные о местонахождении |
__ |
| i |
Авторский знак |
А 65 |
| j |
Шифр хранения |
ББК 65.9(2)8 |
| 901 |
Тип документа |
__ |
| t |
Тип документа |
m |
| 937 |
Технологическая информация |
__ |
| a |
Создатель записи (имя) |
Золотухина |
| 938 |
Служебная информация |
__ |
| a |
Название организации |
Головной вуз |
| 952 |
Тип литературы |
__ |
| c |
Вид литературы |
учебное пособие |